[Event "ch-RUS Blitz 2017"]
[Site "Sochi RUS"]
[Date "2017.10.02"]
[Round "19.14"]
[White "Moskalenko, Alexander"]
[Black "Sjugirov, Sanan"]
[Result "0-1"]
[WhiteTitle "IM"]
[BlackTitle "GM"]
[WhiteElo "2531"]
[BlackElo "2650"]
[WhiteFideId "4155351"]
[BlackFideId "4189302"]
[EventDate "2017.10.02"]
[EventType "blitz"]

1. e4 g6 2. d4 Bg7 3. Nf3 c6 4. Nc3 d6 5. a4 Nd7 6. Be2 Ngf6 7. O-O O-O 8. Bf4
Qc7 9. e5 Nh5 10. exd6 exd6 11. Be3 d5 12. Ne1 Nhf6 13. Nd3 Ne4 14. Bf4 Qb6 15.
Ne5 Nxe5 16. Bxe5 Bxe5 17. dxe5 Qxb2 18. Nxe4 dxe4 19. Qd6 Re8 20. e6 Bxe6 21.
Rfe1 Rad8 22. Qc5 Rd2 23. Rab1 Qxc2 24. Qxc2 Rxc2 25. Rxb7 Rd8 26. Rxa7 Rxe2 0-1

[Event "ch-RUS Blitz 2017"]
[Site "Sochi RUS"]
[Date "2017.10.02"]
[Round "19.15"]
[White "Demidov, Mikhail"]
[Black "Korotylev, Alexey"]
[Result "1-0"]
[WhiteTitle "IM"]
[BlackTitle "GM"]
[WhiteElo "2521"]
[BlackElo "2573"]
[WhiteFideId "4197143"]
[BlackFideId "4119142"]
[EventDate "2017.10.02"]
[EventType "blitz"]

1. Nf3 Nf6 2. g3 d5 3. Bg2 c6 4. O-O Bg4 5. b3 e6 6. Bb2 Be7 7. c4 O-O 8. d3 a5
9. Nc3 Nbd7 10. Qc2 Re8 11. Rad1 Qc7 12. Rfe1 Bh5 13. a3 e5 14. cxd5 cxd5 15.
Rc1 Rac8 16. Qb1 Qb6 17. Nd2 d4 18. Nd5 Nxd5 19. Bxd5 Bg5 20. Rxc8 Rxc8 21. Nc4
Qa6 22. Bc1 Bxc1 23. Rxc1 Rc5 24. Nxe5 Rxd5 25. Nxd7 b5 26. Qc2 g5 27. Qc8+ Qxc8
28. Nf6+ Kg7 29. Nxh5+ Kg6 30. Rxc8 Kxh5 31. Ra8 1-0

[Event "ch-RUS Blitz 2017"]
[Site "Sochi RUS"]
[Date "2017.10.02"]
[Round "19.16"]
[White "Alekseenko, Kirill"]
[Black "Novikov, Maxim"]
[Result "1-0"]
[WhiteTitle "GM"]
[BlackTitle "GM"]
[WhiteElo "2563"]
[BlackElo "2501"]
[WhiteFideId "4135539"]
[BlackFideId "4161289"]
[EventDate "2017.10.02"]
[EventType "blitz"]

1. d4 Nf6 2. Nc3 d6 3. e4 e5 4. Nf3 Nbd7 5. Bc4 Be7 6. O-O O-O 7. Re1 c6 8. a4
a5 9. b3 exd4 10. Nxd4 Nb6 11. Bd3 d5 12. e5 Ne8 13. Nf5 Bxf5 14. Bxf5 g6 15.
Bg4 Ng7 16. Bh6 Bg5 17. Bxg7 Kxg7 18. Qd4 f5 19. f4 Be7 20. Bf3 Nd7 21. Kh1 Qb6
22. Qd3 Bb4 23. Re2 Nc5 24. Qe3 Bxc3 25. Qxc3 Ne6 26. g3 h5 27. h4 Rfd8 28. Rd1
Qb4 29. Qd3 Qc5 30. Bxh5 gxh5 31. Qxf5 Qe7 32. Qxh5 Rh8 33. Qg4+ Kf8 34. f5 Qg5
35. Qf3 Nc5 36. Rh2 Qg7 37. f6 Qg6 38. Re1 Ne6 39. g4 Kf7 40. g5 Rh5 41. Qg4
Rah8 42. Re3 R8h7 43. Kg1 Rh8 44. Kf1 Re8 45. Ke1 Nf8 46. Kd1 Re6 47. Kc1 Qh7
48. Kb1 Ng6 49. Qd4 Rxh4 50. Rxh4 Qxh4 51. Qb6 Qxg5 52. Qxb7+ Kf8 53. Qg7+ Ke8
54. f7+ Kd8 55. f8=Q+ 1-0

[Event "ch-RUS Blitz 2017"]
[Site "Sochi RUS"]
[Date "2017.10.02"]
[Round "19.17"]
[White "Usmanov, Vasily"]
[Black "Hasangatin, Ramil"]
[Result "0-1"]
[WhiteTitle "IM"]
[BlackTitle "GM"]
[WhiteElo "2459"]
[BlackElo "2496"]
[WhiteFideId "4135741"]
[BlackFideId "4122160"]
[EventDate "2017.10.02"]
[EventType "blitz"]

1. d4 d6 2. c4 e5 3. Nc3 exd4 4. Qxd4 Nc6 5. Qd2 Nf6 6. g3 Be6 7. e4 g6 8. Nge2
Bxc4 9. b3 Ba6 10. Bb2 Bg7 11. Bg2 O-O 12. O-O Re8 13. Rfe1 Ne5 14. Nf4 Bh6 15.
Ncd5 Nxd5 16. Qxd5 Bxf4 17. gxf4 Nd3 18. Bc3 Nxf4 19. Qd4 Re5 20. Qd2 Qg5 21. f3
Qxg2+ 22. Qxg2 Nxg2 23. Kxg2 Re6 24. Rac1 c6 25. Bd4 c5 26. Bf2 b6 27. Red1 Kf8
28. Rc2 Ke7 29. Rcd2 f6 30. Bg3 Rd8 31. h4 Bb7 32. Kf2 Bc6 33. Bf4 Rd7 34. Rd3
a5 35. a4 f5 36. Bg5+ Kf7 37. e5 d5 38. f4 d4 39. h5 gxh5 40. Rh3 h6 41. Bf6 Bd5
42. Rg1 Re8 43. Rxh5 Bxb3 44. Rxh6 Ke6 45. Bd8+ Kd5 46. Bxb6 Bxa4 47. Ra1 Bb3
48. Rxa5 Rc8 49. e6 Re7 50. Rf6 Rxe6 51. Rxf5+ Ke4 52. Rfxc5 Rxc5 53. Rxc5 Rf6
54. f5 Bd5 55. Bd8 Rxf5+ 56. Ke2 Rh5 57. Rc7 Rh2+ 58. Ke1 Kd3 0-1

[Event "ch-RUS Blitz 2017"]
[Site "Sochi RUS"]
[Date "2017.10.02"]
[Round "19.18"]
[White "Levin, Evgeny A."]
[Black "Derjabin, Ilja"]
[Result "1-0"]
[WhiteTitle "GM"]
[BlackTitle "IM"]
[WhiteElo "2532"]
[BlackElo "2360"]
[WhiteFideId "4182596"]
[BlackFideId "14104768"]
[EventDate "2017.10.02"]
[EventType "blitz"]

1. d4 Nf6 2. Nf3 d6 3. c4 Bf5 4. Nc3 h6 5. g3 Nbd7 6. Bg2 c6 7. O-O e5 8. Nh4
Bh7 9. e4 Be7 10. d5 cxd5 11. cxd5 O-O 12. Nf5 Bxf5 13. exf5 Rc8 14. Be3 a6 15.
a4 Ne8 16. h4 Nef6 17. Bf3 Re8 18. a5 e4 19. Bg2 Nc5 20. Bd4 Bf8 21. Re1 Qd7 22.
Bxf6 gxf6 23. Bxe4 Nxe4 24. Qg4+ Ng5 25. hxg5 fxg5 26. Qf3 Rxe1+ 27. Rxe1 Re8
28. Ne4 Bg7 29. f6 Bf8 30. Re3 Re5 31. Nc3 Qf5 32. Qxf5 Rxf5 33. Re8 Rxf6 34.
Ne4 Rg6 35. g4 h5 36. f3 hxg4 37. fxg4 Kg7 38. Rb8 Be7 39. Rxb7 Bf6 40. Nxf6
Rxf6 41. Kg2 Rf4 42. Rb6 Rxg4+ 43. Kf3 Rf4+ 44. Ke3 Kf6 45. Rxd6+ Ke5 46. Rxa6
g4 47. Ra8 Re4+ 48. Kf2 Rb4 49. a6 Kf4 50. a7 Rxb2+ 51. Ke1 Ra2 52. d6 g3 53. d7
g2 54. Rg8 Ke3 55. Rg3+ Kf4 56. Rxg2 Ra1+ 57. Kf2 1-0

[Event "ch-RUS Blitz 2017"]
[Site "Sochi RUS"]
[Date "2017.10.02"]
[Round "19.19"]
[White "Dzhumagaliev, Yan"]
[Black "Bublei, Pavel"]
[Result "1-0"]
[WhiteTitle "FM"]
[BlackTitle "FM"]
[WhiteElo "2400"]
[BlackElo "2387"]
[WhiteFideId "24100110"]
[BlackFideId "24112593"]
[EventDate "2017.10.02"]
[EventType "blitz"]

1. d4 d5 2. c4 e6 3. Nf3 Nf6 4. g3 dxc4 5. Bg2 c5 6. O-O Nc6 7. Na3 cxd4 8. Nxc4
Bc5 9. a3 a5 10. Nfe5 Bd7 11. Bg5 Be7 12. Bxf6 Bxf6 13. Nd6+ Ke7 14. Ndxf7 Qe8
15. Nxc6+ Kxf7 16. Nxd4 Rc8 17. e3 b6 18. a4 g6 19. Qb3 Qd8 20. Rfd1 Qc7 21. Bh3
Rhe8 22. Rd2 Re7 23. Rad1 Qc5 24. Rc2 Qb4 25. Qxb4 axb4 26. Rxc8 Bxc8 27. Nc6
Rd7 28. Rc1 Bb7 29. Nxb4 Bxb2 30. Rb1 Bc3 31. Bg2 Bxb4 32. Bxb7 Bc5 33. Bc6 Rd6
34. Bb5 Rd2 35. Rc1 Rb2 36. Rc4 e5 37. Rh4 Kg7 38. Re4 Kf6 39. Rh4 h5 40. Rc4
Rb4 41. Rc2 Rb1+ 42. Kg2 Rb4 43. h4 Rb1 44. Rd2 Bb4 45. Rd7 Rb2 46. Bc4 e4 47.
Rf7+ Ke5 48. Rf4 Bc5 49. Kh3 Rb1 50. Bf7 Ra1 51. Be8 Be7 52. Bc6 g5 53. hxg5
Bxg5 54. Rxe4+ Kd6 55. Bb5 Ra2 56. Kg2 Bf6 57. Rf4 Be5 58. Rf5 Kd5 1-0

[Event "ch-RUS Blitz 2017"]
[Site "Sochi RUS"]
[Date "2017.10.02"]
[Round "19.20"]
[White "Triapishko, Alexandr"]
[Black "Tsoi, Dmitry"]
[Result "1-0"]
[WhiteTitle "IM"]
[BlackTitle "FM"]
[WhiteElo "2500"]
[BlackElo "2361"]
[WhiteFideId "14122286"]
[BlackFideId "24194697"]
[EventDate "2017.10.02"]
[EventType "blitz"]

1. d4 Nf6 2. Nc3 e6 3. e4 d5 4. e5 Nfd7 5. Nce2 c5 6. c3 Nc6 7. Nf3 Be7 8. g3
O-O 9. Bg2 b5 10. O-O Qb6 11. Be3 c4 12. b4 cxb3 13. axb3 b4 14. c4 Rd8 15. Nf4
dxc4 16. bxc4 Qb8 17. Qa4 Bb7 18. c5 Bf8 19. Ng5 a5 20. Bxc6 Bxc6 21. Qxc6 Ra7
22. Nfxe6 Rc8 23. Qe4 g6 24. Qh4 h5 25. Nf4 Be7 26. e6 Nf8 27. exf7+ Kh8 28.
Nxg6+ Nxg6 29. Qxh5+ Kg7 30. Qh7+ Kf6 31. Ne4+ Kf5 32. f3 Rh8 33. g4+ Ke6 34.
Qxg6+ Kd7 35. Rf2 1-0

[Event "ch-RUS Blitz 2017"]
[Site "Sochi RUS"]
[Date "2017.10.02"]
[Round "19.21"]
[White "Gubsky, Egor"]
[Black "Timofeev, Artyom"]
[Result "0-1"]
[WhiteTitle "FM"]
[BlackTitle "GM"]
[WhiteElo "2303"]
[BlackElo "2549"]
[WhiteFideId "4194055"]
[BlackFideId "4140419"]
[EventDate "2017.10.02"]
[EventType "blitz"]

1. d4 d5 2. c4 e6 3. Nc3 c6 4. Nf3 dxc4 5. a4 Bb4 6. e4 b5 7. Be2 Nf6 8. Bg5 h6
9. Bxf6 Qxf6 10. O-O Bxc3 11. bxc3 O-O 12. Qb1 a6 13. d5 exd5 14. exd5 Bf5 15.
Qb2 cxd5 16. axb5 Nd7 17. bxa6 Rxa6 18. Rxa6 Qxa6 19. Nd4 Bd3 20. Ra1 Qg6 21.
Bf3 Be4 22. Ra7 Ne5 23. Bxe4 dxe4 24. Qb5 Nf3+ 25. Kh1 Ne1 26. g3 e3 27. Re7
exf2 28. Qxc4 Qf6 29. Nf5 Qxf5 0-1

[Event "ch-RUS Blitz 2017"]
[Site "Sochi RUS"]
[Date "2017.10.02"]
[Round "19.22"]
[White "Moiseenko, Vadim"]
[Black "Zakaryan, David"]
[Result "0-1"]
[WhiteTitle "IM"]
[BlackTitle "FM"]
[WhiteElo "2558"]
[BlackElo "2293"]
[WhiteFideId "4123700"]
[BlackFideId "24101923"]
[EventDate "2017.10.02"]
[EventType "blitz"]

1. e4 c5 2. Nf3 d6 3. d4 cxd4 4. Nxd4 Nf6 5. Nc3 a6 6. Bg5 Nbd7 7. f4 Qb6 8. a3
h6 9. Bh4 e6 10. Bf2 Qc7 11. g4 b5 12. Bg2 Bb7 13. O-O Be7 14. h3 g5 15. f5 e5
16. Nde2 h5 17. gxh5 Rxh5 18. Ng3 Rh4 19. Qd2 O-O-O 20. Nd5 Nxd5 21. exd5 Nf6
22. a4 b4 23. c3 b3 24. Ra3 Qc4 25. Rd1 Rdh8 26. Bf1 Qxd5 27. Qxd5 Nxd5 28. Rxb3
Nf4 29. f6 Bd8 30. Nf5 Rg4+ 31. Bg3 Rxg3+ 32. Nxg3 Nxh3+ 33. Bxh3+ Rxh3 34. c4
Bc7 35. Rd2 Bc6 36. Rh2 Rxh2 37. Kxh2 Bd8 38. Nh5 Bxa4 39. Rg3 Kd7 40. b3 Bc6
41. Rxg5 Ke6 42. Rg8 Bxf6 43. Rc8 Be4 44. Re8+ Kf5 45. Ng3+ Kf4 46. Nxe4 Kxe4
47. Ra8 Kd4 48. Rxa6 Kc5 49. Ra5+ Kb4 50. Rb5+ Kc3 51. Rb7 e4 52. Rxf7 Be5+ 53.
Kg2 Kxb3 54. Rc7 Bd4 55. Re7 e3 56. Kf3 Kxc4 57. Ke4 Bc5 58. Kf3 Kd3 59. Re4 d5
60. Re5 Kc4 61. Ke2 d4 62. Kf3 d3 63. Re8 Kb3 64. Rd8 Kc3 65. Rc8 Kd2 66. Rxc5
e2 67. Re5 0-1

[Event "ch-RUS Blitz 2017"]
[Site "Sochi RUS"]
[Date "2017.10.02"]
[Round "19.23"]
[White "Kryakvin, Dmitry"]
[Black "Nazaretyan, Tigran"]
[Result "0-1"]
[WhiteTitle "GM"]
[WhiteElo "2583"]
[BlackElo "2303"]
[WhiteFideId "4153278"]
[BlackFideId "24162345"]
[EventDate "2017.10.02"]
[EventType "blitz"]

1. d4 Nf6 2. c4 d6 3. Nc3 e5 4. Nf3 Nbd7 5. e4 Be7 6. Be2 O-O 7. O-O c6 8. Qc2
Re8 9. Rd1 Qc7 10. Bg5 Nf8 11. c5 exd4 12. cxd6 Bxd6 13. Bxf6 gxf6 14. Rxd4 Ne6
15. Rd2 Nf4 16. Rad1 Be5 17. Nxe5 fxe5 18. Bf3 Be6 19. Ne2 Ng6 20. Ng3 Nf4 21.
Nf5 Bxf5 22. exf5 Rad8 23. g3 Nh3+ 24. Kg2 Ng5 25. Bh5 Rxd2 26. Qxd2 Qe7 27. Qd7
Kg7 28. Be2 Ne4 29. Bc4 Nf6 30. Qxe7 Rxe7 31. Kf3 e4+ 32. Ke2 Re5 33. Rd8 Rxf5
34. h3 Rc5 35. Bb3 a5 36. Ke3 b5 37. Bd1 Rc4 38. Kf4 Nd5+ 39. Ke5 e3 40. fxe3
Nxe3 41. Bf3 Rc2 42. b3 Rxa2 43. Bxc6 b4 44. Ke4 Nf1 45. Kf3 Nd2+ 46. Ke3 Nxb3
47. Bd5 Ra3 48. Kf4 Nc5 49. Rc8 Ne6+ 50. Ke5 Re3+ 51. Kd6 a4 52. Ra8 a3 53. Ra7
b3 54. Rxa3 b2 55. Rxe3 b1=Q 56. Bxe6 Qb6+ 0-1

[Event "ch-RUS Blitz 2017"]
[Site "Sochi RUS"]
[Date "2017.10.02"]
[Round "19.24"]
[White "Savitskiy, Sergey"]
[Black "Sharafiev, Azat"]
[Result "0-1"]
[WhiteTitle "IM"]
[BlackTitle "IM"]
[WhiteElo "2412"]
[BlackElo "2433"]
[WhiteFideId "24105660"]
[BlackFideId "4186214"]
[EventDate "2017.10.02"]
[EventType "blitz"]

1. e4 d6 2. d4 Nf6 3. Nc3 e5 4. Nf3 Nbd7 5. Bc4 Be7 6. O-O O-O 7. Re1 b6 8. h3
Bb7 9. d5 Ne8 10. a4 a5 11. Bb5 Bf6 12. Be3 g6 13. Nd2 Nc5 14. Ne2 Bg7 15. c3 f5
16. b4 Nxe4 17. Nxe4 fxe4 18. bxa5 Rxa5 19. c4 Nf6 20. Bd2 Ra8 21. a5 bxa5 22.
Rxa5 c6 23. dxc6 Bxc6 24. Bxc6 Rxa5 25. Bxa5 Qxa5 26. Ng3 Rc8 27. Bd5+ Nxd5 28.
Qxd5+ Qxd5 29. cxd5 Rc5 30. Rd1 Rc4 31. Kf1 Bh6 32. Ke2 Bf4 33. Nf1 Rc2+ 34. Ke1
Kf7 35. g3 Bh6 36. Rb1 Rc5 37. Rd1 Kf6 38. Nh2 Bc1 39. Ng4+ Kf5 40. Ke2 Rc2+ 41.
Ke1 h5 42. Nh2 e3 43. fxe3 Rxh2 0-1

[Event "ch-RUS Blitz 2017"]
[Site "Sochi RUS"]
[Date "2017.10.02"]
[Round "19.25"]
[White "Gogolev, Artem"]
[Black "Vastrukhin, Oleg"]
[Result "0-1"]
[WhiteElo "2408"]
[BlackElo "2386"]
[WhiteFideId "4116615"]
[BlackFideId "4192770"]
[EventDate "2017.10.02"]
[EventType "blitz"]

1. Nf3 g6 2. g3 Bg7 3. Bg2 c5 4. O-O Nc6 5. c4 d6 6. Nc3 Bd7 7. e3 Nh6 8. d4
cxd4 9. Nxd4 O-O 10. b3 Nxd4 11. exd4 Bc6 12. Bb2 Bxg2 13. Kxg2 Nf5 14. Ne4 d5
15. cxd5 Qxd5 16. Qf3 e6 17. Rfd1 Rac8 18. Rac1 Rxc1 19. Rxc1 Nxd4 20. Bxd4 Qxd4
21. Rc7 Qb6 22. Rd7 Qc6 23. Rd2 h6 24. Rd6 Qc7 25. Rd2 Rd8 26. Rxd8+ Qxd8 27. h4
Qd5 28. h5 f5 29. Nc5 0-1

[Event "ch-RUS Blitz 2017"]
[Site "Sochi RUS"]
[Date "2017.10.02"]
[Round "19.26"]
[White "Chekletsov, Ilya"]
[Black "Antonenko, Vladimir"]
[Result "1/2-1/2"]
[WhiteTitle "FM"]
[BlackTitle "FM"]
[WhiteElo "2372"]
[BlackElo "2330"]
[WhiteFideId "24177156"]
[BlackFideId "24159409"]
[EventDate "2017.10.02"]
[EventType "blitz"]

1. d4 Nf6 2. c4 e6 3. g3 d5 4. Bg2 dxc4 5. Nf3 a6 6. a4 Nc6 7. O-O Rb8 8. a5 Bb4
9. Na3 Bxa5 10. Nxc4 Bb4 11. Bg5 Be7 12. Nfe5 Nxd4 13. e3 Nb5 14. Qc2 O-O 15.
Rxa6 h6 16. Bxf6 gxf6 17. Ra5 Nd6 18. Ng4 f5 19. Nge5 Nxc4 20. Nxc4 c5 21. Rd1
Qc7 22. Ra7 Rd8 23. e4 fxe4 24. Bxe4 Rd4 25. Bf3 Bf6 26. b3 Qd8 27. Rxd4 Bxd4
28. Qd2 Qg5 29. Qxg5+ hxg5 30. Nd6 Bd7 31. Rxb7 Rxb7 32. Bxb7 f5 33. Kf1 g4 34.
Ba6 Kf8 35. Bd3 Ke7 36. Nc4 e5 37. Nb6 Bc6 38. Bxf5 Bf3 39. Nc4 Kf6 40. Bd3 Bd5
41. Be2 Be6 42. Kg2 Bd5+ 43. Kf1 Be6 44. f3 gxf3 45. Bxf3 Bf5 46. g4 Bc2 47. Nd2
Be3 48. Ke2 Bxd2 49. Kxd2 Bxb3 50. h4 Bf7 51. Be4 Kg7 52. g5 Bh5 53. Kd3 Bf7 54.
Kc3 Kf8 55. Bf3 Kg7 56. Kd3 c4+ 57. Kc3 Kg6 58. Bg4 Bd5 59. Be2 Kf5 60. Bxc4
Bxc4 61. Kxc4 e4 62. Kd4 Kf4 63. g6 e3 64. Kd3 Kf3 65. g7 e2 66. g8=Q e1=Q 67.
Qd5+ Kg4 68. Qg5+ Kh3 69. h5 Qb1+ 70. Kd4 Qb2+ 71. Ke4 Qc2+ 72. Ke5 Qc7+ 73. Kf5
Qf7+ 74. Ke5 Qc7+ 75. Kf6 Qd8+ 76. Kg6 Qg8+ 77. Kf5 Qf7+ 78. Ke4 Qc4+ 79. Ke5
Qc5+ 80. Ke4 1/2-1/2

[Event "ch-RUS Blitz 2017"]
[Site "Sochi RUS"]
[Date "2017.10.02"]
[Round "19.27"]
[White "Rakhmanov, Aleksandr"]
[Black "Ivlev, Aleksey"]
[Result "0-1"]
[WhiteTitle "GM"]
[BlackTitle "FM"]
[WhiteElo "2669"]
[BlackElo "2259"]
[WhiteFideId "4173708"]
[BlackFideId "24185949"]
[EventDate "2017.10.02"]
[EventType "blitz"]

1. c4 c6 2. d4 d5 3. cxd5 cxd5 4. Bf4 Nc6 5. e3 Nf6 6. Nc3 a6 7. Be2 Bf5 8. Nf3
e6 9. Qb3 Ra7 10. Ne5 Nxe5 11. Bxe5 Nd7 12. Bg3 Be7 13. O-O O-O 14. Rfc1 b5 15.
a4 b4 16. Nb1 Nf6 17. Nd2 Qd7 18. Qd1 h6 19. a5 Rc8 20. Rxc8+ Qxc8 21. Rc1 Qd8
22. Qa4 g5 23. h3 h5 24. Be5 g4 25. hxg4 Nxg4 26. Bxg4 Bxg4 27. Qc6 f6 28. Bh2
Kf7 29. Qb6 Ra8 30. Qxd8 Bxd8 31. Nb3 Be2 32. Bc7 Be7 33. Bb6 Bc4 34. Nd2 Bb5
35. Rc7 Ke8 36. Nb3 e5 37. Nc5 exd4 38. exd4 h4 39. f3 h3 40. gxh3 Kf7 41. Nb7
Rg8+ 42. Kf2 Ke6 43. Bc5 Bd8 44. Nxd8+ Rxd8 45. Bxb4 Rh8 46. Rb7 Bc4 47. b3 Bxb3
48. Rb6+ Kf5 49. Rxa6 Rxh3 50. Be7 Rh6 51. Rb6 Bc4 52. a6 Rh2+ 53. Kg3 Ra2 54.
Rxf6+ Kg5 55. f4+ Kh5 56. Rf5+ Kg6 57. Rf6+ Kg7 58. Rf5 Rxa6 59. Bd6 Rxd6 60.
Re5 Rg6+ 61. Kf3 Rf6 62. f5 Kh6 63. Kf4 Rf8 64. Re6+ Kg7 65. Kg5 Kf7 66. Rb6
Rg8+ 67. Kf4 Rg1 68. Rb7+ Kf6 69. Rb6+ Ke7 70. Rb7+ Kd6 71. f6 Ke6 72. Rb6+ Kf7
73. Ke5 Re1+ 74. Kf5 Bd3+ 75. Kg5 Rg1+ 76. Kf4 Rf1+ 77. Kg5 Rf5+ 78. Kg4 Rxf6
79. Rb7+ Kg6 80. Rc7 Be4 81. Ra7 Bf3+ 82. Kg3 Be4 83. Kg4 Kh6 84. Rc7 Rf1 85.
Rc6+ Kg7 86. Kg5 Kf7 87. Rc7+ Ke6 88. Rc6+ Kd7 89. Ra6 Rd1 90. Kf6 Rxd4 91. Ke5
Rc4 92. Rb6 Kc7 93. Rh6 Rc6 94. Rh8 Kb6 95. Kd4 Rc7 96. Rb8+ Kc6 97. Ra8 Rb7 98.
Ra6+ Rb6 99. Ra4 Kd6 100. Ra7 Rb4+ 101. Ke3 Bf5 102. Ra8 Ke5 103. Re8+ Be6 104.
Kd3 Rb3+ 105. Kd2 Rh3 106. Ke2 d4 107. Kd2 Kd5 108. Re7 Bf5 109. Rf7 Rh2+ 110.
Ke1 Ke4 111. Re7+ Kf4 112. Re8 d3 113. Re7 d2+ 0-1

[Event "ch-RUS Blitz 2017"]
[Site "Sochi RUS"]
[Date "2017.10.02"]
[Round "19.28"]
[White "Chos, Alexey"]
[Black "Kobalia, Mikhail"]
[Result "0-1"]
[WhiteTitle "IM"]
[BlackTitle "GM"]
[WhiteElo "2317"]
[BlackElo "2596"]
[WhiteFideId "14117762"]
[BlackFideId "4119150"]
[EventDate "2017.10.02"]
[EventType "blitz"]

1. e4 c5 2. Nf3 e6 3. c4 Nc6 4. Be2 Nd4 5. Nxd4 cxd4 6. d3 Ne7 7. O-O Nc6 8. f4
Be7 9. Nd2 d6 10. a3 a5 11. b3 g6 12. Nf3 Bf6 13. Rb1 O-O 14. b4 axb4 15. axb4
b5 16. cxb5 Na7 17. Ra1 Bd7 18. b6 Qxb6 19. e5 Bg7 20. Bb2 Nb5 21. Ra5 Nc3 22.
Qc2 dxe5 23. Nxe5 Bxe5 24. fxe5 Qxb4 25. Rxa8 Rxa8 26. Bxc3 dxc3 27. Rc1 Qb2 28.
d4 Ra2 29. Bd3 Ba4 30. Qxb2 cxb2 31. Rc8+ Kg7 32. Rb8 Ra3 33. Bb1 Rb3 34. Rxb3
Bxb3 35. Kf2 Kh6 36. Ke3 Kg5 37. Kd3 Kf4 38. Kc3 Bd5 39. Kxb2 Bxg2 40. Kc3 Ke3
41. Bd3 h5 42. Bb5 g5 43. Be8 h4 44. Bxf7 Bd5 45. Bh5 Kf2 46. Bg4 Kg2 47. h3 Kg3
48. Kd3 Kf4 49. Kc3 Kg3 50. Kb4 Kf4 51. Kc5 Ke3 52. Bxe6 Bxe6 53. d5 Bxh3 54. e6
Bg4 55. e7 Bd7 56. Kd6 Ba4 57. Kc7 h3 58. d6 h2 59. d7 Bxd7 60. Kxd7 h1=Q 61.
e8=Q+ Qe4 62. Qh5 g4 63. Qh4 Ke2 64. Kc8 Qf4 65. Qe7+ Qe3 66. Qh7 g3 67. Qc2+
Kf1 68. Qd1+ Kf2 69. Qc2+ Qe2 70. Qf5+ Qf3 71. Qc2+ Kg1 72. Qc1+ Qf1 73. Qe3+
Qf2 74. Qc1+ Kg2 75. Qc6+ Qf3 76. Qc2+ Kf1 77. Qc1+ Kf2 78. Qd2+ Qe2 79. Qd4+
Kf1 80. Qf4+ Kg2 81. Qc1 Qd3 82. Qf4 Kh3 83. Qh6+ Kg4 84. Qg7+ Kf3 85. Qf6+ Ke2
86. Qe5+ Qe3 87. Qb2+ Kf1 88. Qb5+ Qe2 89. Qb1+ Kf2 90. Qb6+ Qe3 91. Qb2+ Kf3
92. Qf6+ Kg2 93. Qb2+ Kf1 94. Qb1+ Ke2 95. Qb2+ Qd2 96. Qe5+ Kf2 97. Qf5+ Kg2
98. Qe4+ Kg1 99. Qb1+ Kh2 100. Qh7+ Kg2 101. Qe4+ Kf2 102. Qf5+ Ke2 103. Qg4+
Kf2 104. Qf5+ Kg1 105. Qb1+ Kg2 106. Qe4+ Kh3 107. Qh7+ Kg4 108. Qe4+ Qf4 109.
Qe2+ Qf3 110. Qc4+ Kh3 111. Qc1 g2 112. Qh6+ Kg3 113. Qd6+ Qf4 114. Qd3+ Kf2
115. Qc2+ Kf3 116. Qd3+ Qe3 117. Qf5+ Ke2 118. Qg4+ Kf2 119. Qf5+ Ke1 120. Qb1+
Ke2 121. Qc2+ Kf3 122. Qf5+ Qf4 123. Qd3+ Kf2 124. Qc2+ Kg3 125. Qd3+ Qf3 126.
Qd6+ Kg4 127. Qg6+ Kf4 128. Qd6+ Ke3 129. Qc5+ Ke2 130. Qc2+ Kf1 131. Qc1+ Kf2
132. Qc5+ Qe3 133. Qf5+ Kg1 134. Qb1+ Kh2 135. Qh7+ Qh3+ 0-1

[Event "ch-RUS Blitz 2017"]
[Site "Sochi RUS"]
[Date "2017.10.02"]
[Round "20.1"]
[White "Artemiev, Vladislav"]
[Black "Dubov, Daniil"]
[Result "0-1"]
[WhiteTitle "GM"]
[BlackTitle "GM"]
[WhiteElo "2692"]
[BlackElo "2666"]
[WhiteFideId "24101605"]
[BlackFideId "24126055"]
[EventDate "2017.10.02"]
[EventType "blitz"]

1. d4 Nf6 2. Bg5 d5 3. Bxf6 gxf6 4. e3 c5 5. dxc5 e6 6. c4 dxc4 7. Nd2 c3 8.
bxc3 Bxc5 9. Ngf3 Qc7 10. Bd3 Nd7 11. O-O b6 12. Nd4 Bb7 13. Nb5 Qb8 14. Be4 a6
15. Nd4 f5 16. Bxb7 Qxb7 17. Qh5 Nf6 18. Qh4 Be7 19. Qh3 Rc8 20. c4 O-O 21. Rab1
Kh8 22. Qf3 Qc7 23. g3 Nd7 24. Qe2 Nc5 25. N2f3 Bf6 26. Qb2 Rb8 27. Rfd1 Rfd8
28. Qc2 Ne4 29. Ne2 b5 30. Rxd8+ Rxd8 31. Rc1 Rc8 32. Nd2 Nxd2 33. Qxd2 bxc4 34.
Nd4 c3 35. Qe2 Bxd4 36. exd4 c2 37. Qxa6 Qc3 38. Qe2 Qb2 39. Qe5+ Kg8 40. Qe3
Qxa2 41. Qg5+ Kf8 42. Qh6+ Ke8 43. Qxh7 Qb2 44. Qg8+ Kd7 45. Qg5 Qxd4 46. h4 Rb8
47. Qh5 Qd2 48. Qxf7+ Kd6 49. Rxc2 Qxc2 50. Qa7 Rb1+ 0-1

[Event "ch-RUS Blitz 2017"]
[Site "Sochi RUS"]
[Date "2017.10.02"]
[Round "20.2"]
[White "Savchenko, Boris"]
[Black "Pridorozhni, Aleksei"]
[Result "1-0"]
[WhiteTitle "GM"]
[BlackTitle "GM"]
[WhiteElo "2581"]
[BlackElo "2565"]
[WhiteFideId "4147332"]
[BlackFideId "4127870"]
[EventDate "2017.10.02"]
[EventType "blitz"]

1. e4 e6 2. d4 d5 3. Nc3 dxe4 4. Nxe4 Bd7 5. Nf3 Bc6 6. Bd3 Nd7 7. c3 Ngf6 8.
Nxf6+ Nxf6 9. Bf4 Bd6 10. Ne5 Bxe5 11. Bxe5 Qe7 12. O-O O-O 13. Re1 Rac8 14. Bc2
Nd7 15. Bxh7+ Kxh7 16. Qh5+ Kg8 17. Bxg7 Kxg7 18. Qg4+ Kh8 19. Re3 f5 20. Rh3+
Qh7 21. Rxh7+ Kxh7 22. Qh4+ Kg6 23. Re1 Rfe8 24. c4 Nf6 25. f3 Kf7 26. Qf4 Rg8
27. Kf2 Bd7 28. h3 Rh8 29. Re2 c6 30. Qe5 Rh7 31. Ke1 Rh4 32. Qd6 Re8 33. Kd2
Re7 34. Kc2 Be8 35. Qe5 Rh7 36. g4 fxg4 37. fxg4 Nd7 38. Qd6 Nf6 39. Rf2 Rg7 40.
Qe5 Rg6 41. g5 Kg8 42. Rxf6 Rgg7 43. Rxe6 Bg6+ 44. Rxg6 1-0

[Event "ch-RUS Blitz 2017"]
[Site "Sochi RUS"]
[Date "2017.10.02"]
[Round "20.3"]
[White "Tsydypov, Zhamsaran"]
[Black "Fedoseev, Vladimir3"]
[Result "0-1"]
[WhiteTitle "IM"]
[BlackTitle "GM"]
[WhiteElo "2529"]
[BlackElo "2731"]
[WhiteFideId "4108566"]
[BlackFideId "24130737"]
[EventDate "2017.10.02"]
[EventType "blitz"]

1. e4 e5 2. Nf3 Nc6 3. Bc4 Nf6 4. d3 h6 5. c3 d6 6. Bb3 Qe7 7. Nbd2 g6 8. Nf1
Bg7 9. Ne3 O-O 10. O-O Nd8 11. Re1 c6 12. h3 Ne6 13. g3 Nc5 14. Kg2 Nxb3 15.
axb3 d5 16. Qc2 Qe6 17. Rh1 Nd7 18. Ng4 Kh7 19. Qd2 dxe4 20. dxe4 Nc5 21. Nxh6
f6 22. Ra3 Nxb3 23. Rxb3 Qxb3 24. h4 Be6 25. h5 g5 26. Nf5 Bxf5 27. exf5 Qd5 28.
Qxd5 cxd5 29. Be3 Rfd8 30. Bc5 Bf8 31. Be3 Be7 32. Re1 b6 33. Nh2 Kg7 34. Ng4
Rh8 35. Rh1 Kf7 36. Kf3 Rad8 37. Ke2 d4 38. cxd4 exd4 39. Bd2 Rd5 40. Rc1 d3+
41. Kf1 Rc5 42. Ra1 a5 43. Be3 Rb5 44. Bd4 Rb4 0-1

[Event "ch-RUS Blitz 2017"]
[Site "Sochi RUS"]
[Date "2017.10.02"]
[Round "20.4"]
[White "Andreikin, Dmitry"]
[Black "Morozevich, Alexander"]
[Result "1/2-1/2"]
[WhiteTitle "GM"]
[BlackTitle "GM"]
[WhiteElo "2708"]
[BlackElo "2676"]
[WhiteFideId "4158814"]
[BlackFideId "4116992"]
[EventDate "2017.10.02"]
[EventType "blitz"]

1. d4 Nf6 2. Bg5 d5 3. Nd2 c5 4. dxc5 Nbd7 5. b4 g6 6. e3 Bg7 7. Ngf3 O-O 8. Be2
h6 9. Bxf6 Bxf6 10. Rb1 Qc7 11. c4 dxc4 12. Bxc4 a5 13. a3 axb4 14. axb4 b6 15.
Qc2 Kg7 16. O-O bxc5 17. Bb5 Rb8 18. Bxd7 Bxd7 19. Qxc5 Qb7 20. b5 Rfc8 21. Qb4
Qxb5 22. Qf4 e5 23. Rxb5 exf4 1/2-1/2